GROWING THINGS

Bibliographic Details
Main Author: Thomas, Ron (Author)
Format: Book
Language:English
Published: Australia : Macmillan Company Of Australia Pty Ltd. 1989
Series:Macmillan Beginners Science
Subjects:

MARC

LEADER 00000cam a2200000 7i4500
001 0000074798
005 20180219.0
008 081205t19891991 ag ci0010 eng
020 |a 0333478304 
040 |a PERPUSTAM   |b eng   |c PERPUSTAM   |e rda 
090 0 0 |a J 507   |b SER 
100 1 |a Thomas, Ron ,   |e author 
245 1 0 |a GROWING THINGS   |c Ron Thomas and Jan Stutchbury 
264 1 |a Australia :   |b Macmillan Company Of Australia Pty Ltd.   |c 1989 
264 4 |a ©1991 
300 |a 30 pages :   |b colour illustration ;   |c 20 cm. 
336 |a text, rdacontent 
337 |a unmediated  |2 rdamedia 
338 |a volume  |2 rdacarrier 
490 1 |a MACMILLAN BEGINNERS SCIENCE 
650 0 0 |a Juvenile Literature 
830 0 |a Macmillan Beginners Science 
999 |a 0000122254   |b Buku   |c Koleksi Pinjaman Kanak-Kanak   |e Perpustakaan Cawangan Masjid Tanah 
999 |a 0000122257   |b Buku   |c Koleksi Pinjaman Kanak-Kanak   |e Perpustakaan Cawangan Masjid Tanah 
999 |a 0000473571   |b Buku   |c Koleksi Pinjaman Kanak-Kanak   |e Perpustakaan Cawangan Jasin 
999 |a 7632   |b Buku   |c Koleksi Pinjaman Kanak-Kanak   |e Perpustakaan Cawangan Merlimau